<?xml version="1.0" encoding="UTF-8"?>
<marc:record xmlns:marc="http://www.loc.gov/MARC21/slim">
   <marc:leader>00000nam a2200000 a 4500</marc:leader>
   <marc:datafield ind1="1" ind2=" " tag="100">
      <marc:subfield code="a">Goll, Yvan</marc:subfield>
      <marc:subfield code="4">aut</marc:subfield>
      <marc:subfield code="e">Verfasser/-in</marc:subfield>
   </marc:datafield>
   <marc:datafield ind1="1" ind2=" " tag="100">
      <marc:subfield code="a">Meier, Gerhard</marc:subfield>
      <marc:subfield code="4">trl</marc:subfield>
      <marc:subfield code="e">Übersetzer/-in</marc:subfield>
   </marc:datafield>
   <marc:datafield ind1=" " ind2=" " tag="653">
      <marc:subfield code="a">Zwanzigerjahre</marc:subfield>
   </marc:datafield>
   <marc:datafield ind1=" " ind2=" " tag="653">
      <marc:subfield code="a">Roman Berlin</marc:subfield>
   </marc:datafield>
   <marc:datafield ind1=" " ind2=" " tag="653">
      <marc:subfield code="a">Gesellschaftsroman</marc:subfield>
   </marc:datafield>
   <marc:datafield ind1="0" ind2="0" tag="245">
      <marc:subfield code="a">Sodom und Berlin</marc:subfield>
   </marc:datafield>
   <marc:datafield ind1="0" ind2="0" tag="245">
      <marc:subfield code="b">Roman</marc:subfield>
   </marc:datafield>
   <marc:datafield ind1="0" ind2="0" tag="245">
      <marc:subfield code="c">Yvan Goll</marc:subfield>
   </marc:datafield>
   <marc:datafield ind1=" " ind2="1" tag="264">
      <marc:subfield code="a">Zürich</marc:subfield>
      <marc:subfield code="b">Manesse</marc:subfield>
      <marc:subfield code="c">2021</marc:subfield>
   </marc:datafield>
   <marc:datafield ind1="1" ind2=" " tag="520">
      <marc:subfield code="a">Berlin, 1918 ff. Lebenskünstler, Tagediebe, Kriegsheimkehrer, Vergnügungssüchtige, Schieber und andere Halbweltexistenzen drängen sich in der deutschen Nachkriegsmetropole. Das liebe Leben, das so schnell an sein Ende kommen kann, will schließlich gelebt werden. Immer mit dabei: Dr. Odemar Müller, der Wandelbare: »naiver Student, mittelalterlicher Mystiker, überzeugter Krieger, wilder Revolutionär, Inflationsgewinnler, Romantiker auf der Suche nach der blauen Blume, Stammgast in Spielhöllen und Betrüger«, einer von Abertausenden zugezogener Provinzteutonen, erst Salonbolschewist, dann Spekulant, prinzipienlos aus Prinzip, Hauptsache, der Weltgeist schreitet voran ...</marc:subfield>
   </marc:datafield>
   <marc:datafield ind1=" " ind2=" " tag="020">
      <marc:subfield code="a">9783717525264</marc:subfield>
      <marc:subfield code="9">9783717525264</marc:subfield>
   </marc:datafield>
   <marc:datafield ind1=" " ind2=" " tag="020">
      <marc:subfield code="a">3717525263</marc:subfield>
      <marc:subfield code="9">3717525263</marc:subfield>
   </marc:datafield>
   <marc:datafield ind1=" " ind2=" " tag="300">
      <marc:subfield code="a">182 Seiten</marc:subfield>
   </marc:datafield>
</marc:record>
